S:llä alkavat Suomen kaupungit - Statistics

Yleistilastot
  • Tätä visaa on pelattu 75 kertaa
  • Keskiarvotulos 5 / 7
Vastaustilastot
Hint Vastaus % Oikein
Etelä-Pohjanmaa Seinäjoki
88%
Etelä-Savo Savonlinna
86%
Varsinais-Suomi Salo
80%
Pirkanmaa Sastamala
75%
Varsinais-Suomi Somero
74%
Keski-Suomi Saarijärvi
69%
Pohjois-Savo Suonenjoki
63%
Ehtoja vastaavia visoja ei löytynyt
Tulosjakauma
Jokaisen tuloksen saaneiden osuus
Persentiili vastausten määrän mukaan
Tuloshistoriasi
Et ole pelannut tätä visaa